House Bourbon #2 - Statistics

General Stats
  • This quiz has been taken 2 times
  • The average score is 6 of 15
Answer Stats
Hint Answer % Correct
After the French Republic and the French Empire fell the Bourbons retake the throne what is called Bourbon Restoration
100%
What invention killed him Guillotine
100%
Who was the french king during the French Revolution Louis XVI
100%
What is his wife name who reportedly said Let them eat cake Marie Antoinette
100%
He succeed his brother and was a ultra-royalist Charles X
50%
Monarchy after above event is called July Monarchy
50%
Was the last French monarch to die on the throne and accepted the way of rule Louis XVIII
50%
What is the absolute rule called during this time and after Ancien regime
0%
The ruler is came form a cadet branch of the same house in Orleans Bourbon-Orléans
0%
He is called this for his more liberal and social views Citizen King
0%
However not like the previous time this time they were a Constitutional monarchy
0%
This revolution in this month declare the Second French Republic February Revolution
0%
He was forced to abdicated in 1830 during this event July Revolution
0%
This ruler name is Louis Philippe I
0%
The revolution above sparked another revolutions in 1848 what is this event called Revolutions of 1848
0%
No matching quizzes found
Score Distribution
Percent of People with Each Score
Percentile by Number Answered
Your Score History
You have not taken this quiz